Links the chain : (Record no. 134868)

MARC details
000 -LEADER
fixed length control field 00733nam a22002297a 4500
005 - DATE AND TIME OF LATEST TRANSACTION
control field 20170124110236.0
010 ## - LIBRARY OF CONGRESS CONTROL NUMBER
LC control number B-079285
020 ## - INTERNATIONAL STANDARD BOOK NUMBER
Terms of availability 200.00
International Standard Book Number 9788187649342
035 ## - SYSTEM CONTROL NUMBER
System control number B-079285
037 ## - SOURCE OF ACQUISITION
Source of stock number/acquisition Cen Lib/Ret
040 ## - CATALOGING SOURCE
Original cataloging agency DPL
Language of cataloging EN
082 ## - DEWEY DECIMAL CLASSIFICATION NUMBER
Classification number 821.092
Item number LIN
245 ## - TITLE STATEMENT
Title Links the chain :
Statement of responsibility, etc translated by Neera Kuckreja Sohoni
Remainder of title Mahadevi Varma /
260 ## - PUBLICATION, DISTRIBUTION, ETC. (IMPRINT)
Place of publication, distribution, etc New Delhi
Name of publisher, distributor, etc Katha
Date of publication, distribution, etc 2003
270 ## - ADDRESS
City New Delhi
Address A3 Sarvodya enclave, Sri aurobindo marg
Postal code 110017
300 ## - PHYSICAL DESCRIPTION
Extent xvi,141p.
Dimensions 20cm(pbk)
500 ## - GENERAL NOTE
General note Includes bibliographical references
650 ## - SUBJECT ADDED ENTRY--TOPICAL TERM
Topical term or geographic name as entry element Hindi litarature
9 (RLIN) 42022
650 ## - SUBJECT ADDED ENTRY--TOPICAL TERM
Topical term or geographic name as entry element Biography
General subdivision
9 (RLIN) 42023
700 ## - ADDED ENTRY--PERSONAL NAME
Personal name Sohoni, Neera Kuckreja
9 (RLIN) 8954
942 ## - ADDED ENTRY ELEMENTS (KOHA)
Source of classification or shelving scheme Dewey Decimal Classification
Koha item type English Books
Classification part 821.092
Call number suffix LIN
Holdings
Withdrawn status Lost status Damaged status Not for loan Home library Current library Date acquired Source of acquisition Cost, normal purchase price Total Checkouts Total Renewals Full call number Barcode Date last seen Date checked out Copy number Cost, replacement price Price effective from Koha item type Source of classification or shelving scheme Collection code
        Central Library Central Library 31/07/2015 Cen Lib/Ret 200.00 1 1 821.092 LIN B-079285 21/06/2018 24/05/2018 1 200.00 15/09/2016 English Books    
        Tri Nagar Tri Nagar 12/12/2022 DBAD/PUB 200.00     821.092 LIN EN-119358 12/12/2022   1 200.00 12/12/2022 English Books Dewey Decimal Classification Non-fiction

© Delhi Public Library
Hit Counter
free hit counter